[Event "OGD Prinsenstad-toernooi - A groep"]
[Site "Delft"]
[Date "2014.04.18"]
[Round "2.2"]
[White "Reinderman, Dimitri"]
[Black "Van der Auweraert, Elwin"]
[Result "1-0"]
[WhiteElo "2590"]
[BlackElo "2281"]
[PlyCount "53"]
[EventDate "2014.04.18"]
[EventType "swiss"]
[EventRounds "6"]
[EventCountry "NED"]
[Source "DSC"]
[SourceDate "2014.04.23"]

1. c4 e5 2. Nc3 Nc6 3. g3 Nf6 4. Nf3 Bc5 5. Nxe5 Bxf2+ 6. Kxf2 Nxe5 7. e4 d5 8.
exd5 O-O 9. d4 Nfg4+ 10. Kg2 Qf6 11. Bf4 Ng6 12. Qd2 Re8 13. Bg5 Qd6 14. h3 Nf6
15. c5 Qd8 16. Bb5 Bd7 17. Bxd7 Qxd7 18. Bxf6 gxf6 19. Rhf1 f5 20. Qg5 f4 21.
Rxf4 h6 22. Qg4 Qxg4 23. Rxg4 Re3 24. Rf1 Rae8 25. Nb5 h5 26. Rg5 h4 27. gxh4
1-0

[Event "OGD Prinsenstad-toernooi - A groep"]
[Site "Delft"]
[Date "2014.04.18"]
[Round "2.3"]
[White "Schroer, Marcel"]
[Black "Khenkin, Igor"]
[Result "0-1"]
[WhiteElo "2170"]
[BlackElo "2574"]
[PlyCount "69"]
[EventDate "2014.04.18"]
[EventType "swiss"]
[EventRounds "6"]
[EventCountry "NED"]
[Source "DSC"]
[SourceDate "2014.04.23"]

1. c4 c6 2. d4 d5 3. cxd5 cxd5 4. Bf4 Qb6 5. Nc3 Nf6 6. Rc1 Nc6 7. e3 Bf5 8.
Bd3 Bxd3 9. Qxd3 e6 10. Nge2 Be7 11. O-O O-O 12. a3 Qxb2 13. Nb5 a6 14. Rb1 Qa2
15. Rb3 axb5 16. Nc1 Qa1 17. Ne2 Rxa3 18. Rxa1 Rxa1+ 19. Rb1 Rxb1+ 20. Qxb1 Ra8
21. f3 b4 22. g4 Ra3 23. Kf2 h6 24. Nc1 Nd7 25. Bc7 Rc3 26. Bg3 Nb6 27. Ne2 Ra3
28. e4 Nc4 29. exd5 Rxf3+ 30. Kg2 exd5 31. Nf4 b3 32. Nxd5 b2 33. Nxe7+ Nxe7
34. Qe1 Rb3 35. Qd1 0-1

[Event "OGD Prinsenstad-toernooi - A groep"]
[Site "Delft"]
[Date "2014.04.18"]
[Round "2.4"]
[White "Ikonnikov, Vyacheslav"]
[Black "Gerlagh, Joris"]
[Result "1-0"]
[WhiteElo "2570"]
[BlackElo "2145"]
[PlyCount "91"]
[EventDate "2014.04.18"]
[EventType "swiss"]
[EventRounds "6"]
[EventCountry "NED"]
[Source "DSC"]
[SourceDate "2014.04.23"]

1. d4 Nf6 2. Nf3 g6 3. c4 Bg7 4. Nc3 d5 5. cxd5 Nxd5 6. e4 Nxc3 7. bxc3 c5 8.
Be3 Qa5 9. Qd2 Nc6 10. Rb1 cxd4 11. cxd4 Qxd2+ 12. Kxd2 O-O 13. d5 Rd8 14. Ke1
Na5 15. Bd2 b6 16. Bb5 Bd7 17. Bxa5 bxa5 18. Ke2 f5 19. e5 Rac8 20. Bxd7 Rxd7
21. Rhd1 Rc2+ 22. Kf1 h6 23. Nd4 Rc5 24. Rb8+ Kh7 25. Ne6 Rcxd5 26. Rxd5 Rxd5
27. f4 Rd7 28. h4 g5 29. hxg5 hxg5 30. Nxg5+ Kg6 31. Nf3 e6 32. Ke2 Kh5 33. Ke3
Bh6 34. Rh8 Kg6 35. g3 Bg7 36. Rc8 Kf7 37. Nd4 Re7 38. Nb5 Bf8 39. Nd6+ Kg7 40.
Kd4 Rd7 41. Kc5 Rb7 42. Kc6 Rb2 43. Kd7 Rxa2 44. Kxe6 Rd2 45. Nxf5+ Kg8 46. Kf6
1-0

[Event "OGD Prinsenstad-toernooi - A groep"]
[Site "Delft"]
[Date "2014.04.18"]
[Round "2.5"]
[White "Polak, Alexander"]
[Black "Van den Doel, Erik"]
[Result "0-1"]
[WhiteElo "2004"]
[BlackElo "2560"]
[PlyCount "78"]
[EventDate "2014.04.18"]
[EventType "swiss"]
[EventRounds "6"]
[EventCountry "NED"]
[Source "DSC"]
[SourceDate "2014.04.23"]

1. c4 Nf6 2. Nc3 e5 3. Nf3 Nc6 4. d3 d5 5. cxd5 Nxd5 6. g3 Be7 7. Bg2 Be6 8.
O-O O-O 9. Bd2 Qd7 10. Ng5 Bxg5 11. Bxg5 Nd4 12. Rc1 c5 13. Bd2 b6 14. b3 Rad8
15. Nxd5 Bxd5 16. Bc3 Bxg2 17. Kxg2 f5 18. Bxd4 exd4 19. f4 Rfe8 20. Rf2 Re3
21. Kg1 a5 22. Qc2 h5 23. Qc4+ Kh7 24. Rc2 Qe7 25. a3 Rd6 26. b4 axb4 27. axb4
h4 28. bxc5 Rg6 29. Kf1 hxg3 30. hxg3 Rexg3 31. Rh2+ Rh6 32. Rxh6+ Kxh6 33. Qg8
Qe3 34. Qh8+ Kg6 35. Qh2 Qxf4+ 36. Qf2 Qh4 37. e4 dxe3 38. Qh2 Rf3+ 39. Kg1
Qe1+ 0-1

[Event "OGD Prinsenstad-toernooi - A groep"]
[Site "Delft"]
[Date "2014.04.18"]
[Round "2.6"]
[White "Haslinger, Stewart"]
[Black "Roorda, Thijs"]
[Result "1-0"]
[WhiteElo "2544"]
[BlackElo "2067"]
[PlyCount "48"]
[EventDate "2014.04.18"]
[EventType "swiss"]
[EventRounds "6"]
[EventCountry "NED"]
[Source "DSC"]
[SourceDate "2014.04.23"]

1. e4 e6 2. d4 d5 3. Nd2 a6 4. Bd3 Nf6 5. e5 Nfd7 6. Ne2 c5 7. c3 Nc6 8. O-O b5
9. f4 Qb6 10. Nf3 g6 11. Be3 Bb7 12. Qe1 Be7 13. Bf2 O-O-O 14. dxc5 Bxc5 15. b4
Bxf2+ 16. Rxf2 f6 17. Ned4 fxe5 18. fxe5 Kb8 19. a4 Nxd4 20. Nxd4 bxa4 21. Rxa4
Rhf8 22. Rfa2 Rf4 23. Rxa6 Re4 24. Qa1 Bxa6 1-0

[Event "OGD Prinsenstad-toernooi - A groep"]
[Site "Delft"]
[Date "2014.04.18"]
[Round "2.7"]
[White "Glissenaar, Marcel"]
[Black "Sergeev, Vladimir"]
[Result "1-0"]
[WhiteElo "2001"]
[BlackElo "2457"]
[PlyCount "118"]
[EventDate "2014.04.18"]
[EventType "swiss"]
[EventRounds "6"]
[EventCountry "NED"]
[Source "DSC"]
[SourceDate "2014.04.23"]

1. e4 c5 2. Nc3 Nc6 3. f4 a6 4. a4 e6 5. Nf3 Nge7 6. d3 d5 7. Be2 b6 8. O-O Bb7
9. Qe1 h6 10. Qf2 Qc7 11. Kh1 O-O-O 12. Ne5 Nxe5 13. fxe5 d4 14. Nb1 Nc6 15.
Qxf7 Qxf7 16. Rxf7 Nxe5 17. Rf1 g5 18. Na3 Bd6 19. b3 Bc6 20. Nc4 Nxc4 21. bxc4
a5 22. Bd2 Rdf8 23. Kg1 Rxf1+ 24. Bxf1 g4 25. Be2 h5 26. c3 Be5 27. Ra3 dxc3
28. Bxc3 Bxc3 29. Rxc3 Bxa4 30. Kf2 Kc7 31. Ke3 Rf8 32. h3 gxh3 33. gxh3 h4 34.
d4 Bd7 35. Bg4 Rf1 36. d5 e5 37. Bxd7 Kxd7 38. Ke2 Rf4 39. Ke3 Rf8 40. Ke2 Kc7
41. Rd3 Ra8 42. Rf3 a4 43. Ra3 b5 44. cxb5 Kb6 45. d6 Kxb5 46. Rd3 a3 47. d7 a2
48. d8=Q Rxd8 49. Ra3 Rd4 50. Rxa2 Rxe4+ 51. Kd3 Rd4+ 52. Ke3 Ra4 53. Rb2+ Rb4
54. Ra2 Rb3+ 55. Ke4 Rxh3 56. Ra8 Kb4 57. Rb8+ Kc3 58. Kxe5 c4 59. Rc8 Rd3 1-0

[Event "OGD Prinsenstad-toernooi - A groep"]
[Site "Delft"]
[Date "2014.04.18"]
[Round "2.8"]
[White "Legemaat, Gert"]
[Black "Slingerland, Fred"]
[Result "1/2-1/2"]
[WhiteElo "2173"]
[BlackElo "2331"]
[PlyCount "87"]
[EventDate "2014.04.18"]
[EventType "swiss"]
[EventRounds "6"]
[EventCountry "NED"]
[Source "DSC"]
[SourceDate "2014.04.23"]

1. e4 c5 2. Nc3 d6 3. Bb5+ Bd7 4. Bc4 e6 5. a3 Nc6 6. d3 g6 7. f4 Bg7 8. Nf3
Nge7 9. Ba2 Nd4 10. O-O O-O 11. Ne2 Nec6 12. c3 Nxf3+ 13. Rxf3 b5 14. Be3 Qe7
15. Qd2 Kh8 16. g4 f5 17. exf5 exf5 18. g5 Be6 19. Bxe6 Qxe6 20. h4 Rfe8 21.
Kf2 Ne7 22. Rh1 Kg8 23. h5 Nd5 24. Rhh3 Rab8 25. h6 Bh8 26. b4 Rbc8 27. bxc5
dxc5 28. d4 Red8 29. Qb2 Nxc3 30. Qxc3 cxd4 31. Qa5 Qa2 32. Bd2 Re8 33. Rd3 Qe6
34. Ng3 Rc2 35. Nf1 Rb2 36. Qxa7 Qe2+ 37. Kg1 Rb1 38. Rhf3 Rxf1+ 39. Rxf1 Qxd3
40. Qd7 Qe2 41. Rc1 Qg4+ 42. Kf1 Qf3+ 43. Kg1 Qg3+ 44. Kf1 1/2-1/2

[Event "OGD Prinsenstad-toernooi - A groep"]
[Site "Delft"]
[Date "2014.04.18"]
[Round "2.9"]
[White "Tikranian, Alik"]
[Black "Admiraal, Miguoel"]
[Result "0-1"]
[WhiteElo "2025"]
[BlackElo "2309"]
[PlyCount "76"]
[EventDate "2014.04.18"]
[EventType "swiss"]
[EventRounds "6"]
[EventCountry "NED"]
[Source "DSC"]
[SourceDate "2014.04.23"]

1. b3 d5 2. Bb2 Bg4 3. Nf3 Bxf3 4. exf3 Nf6 5. Qe2 c6 6. d3 e6 7. h4 Qa5+ 8.
Qd2 Bb4 9. c3 Bd6 10. h5 h6 11. d4 Nbd7 12. Qc2 e5 13. dxe5 Nxe5 14. Nd2 O-O
15. Be2 Rfe8 16. Kf1 Qb6 17. g4 Re6 18. Qf5 Nfxg4 19. fxg4 Rf6 20. Rg1 Rxf5 21.
gxf5 Be7 22. c4 Bf6 23. Rg3 Re8 24. Re3 Kh7 25. Re1 Ng4 26. Bxg4 Rxe3 27. Rxe3
Bxb2 28. f6 Bxf6 29. Bf5+ g6 30. Bb1 Kg7 31. hxg6 fxg6 32. cxd5 cxd5 33. Nf3
Qc5 34. Kg2 g5 35. Nh2 d4 36. Rh3 Qc6+ 37. f3 Qc1 38. Be4 d3 0-1

[Event "OGD Prinsenstad-toernooi - A groep"]
[Site "Delft"]
[Date "2014.04.18"]
[Round "2.10"]
[White "Groffen, Hans"]
[Black "Vereggen, Lars"]
[Result "1-0"]
[WhiteElo "2165"]
[BlackElo "2265"]
[PlyCount "125"]
[EventDate "2014.04.18"]
[EventType "swiss"]
[EventRounds "6"]
[EventCountry "NED"]
[Source "DSC"]
[SourceDate "2014.04.23"]

1. d4 Nf6 2. c4 e6 3. Nf3 d5 4. Nc3 Be7 5. Bg5 Nbd7 6. e3 O-O 7. Qc2 h6 8. Bh4
c6 9. cxd5 exd5 10. Bd3 c5 11. dxc5 Nxc5 12. O-O Be6 13. Rfd1 Rc8 14. Qe2 Qb6
15. Nd4 Rfd8 16. f3 Re8 17. Rac1 g5 18. Bg3 Bf8 19. Bb1 Bg7 20. Qc2 Ncd7 21.
Bf2 Nf8 22. a3 a6 23. Ba2 Qa5 24. Qa4 Qxa4 25. Nxa4 N6d7 26. b4 b5 27. Nc5 Nxc5
28. bxc5 Red8 29. Be1 Nd7 30. Ba5 Re8 31. c6 Ne5 32. c7 Nc4 33. Bxc4 bxc4 34.
Rb1 Bd7 35. Kf2 f5 36. g3 Be5 37. Rb7 f4 38. gxf4 gxf4 39. exf4 Bxf4 40. Rg1+
Kf7 41. Re1 Bxh2 42. Rxe8 Kxe8 43. Ra7 Be5 44. Ke3 Kf7 45. f4 Bf6 46. f5 Re8+
47. Ne6 d4+ 48. Ke4 Kg8 49. Rxa6 c3 50. Rd6 c2 51. Bd2 Bxe6 52. Rxe6 Rc8 53.
Rc6 Be7 54. a4 h5 55. Rxc2 Bd6 56. Rc6 Bxc7 57. Kd3 h4 58. Bf4 Rf8 59. Bxc7
Rxf5 60. Kxd4 h3 61. Rh6 Rf7 62. Be5 Ra7 63. Rh8+ 1-0

[Event "OGD Prinsenstad-toernooi - A groep"]
[Site "Delft"]
[Date "2014.04.18"]
[Round "2.11"]
[White "Van Oosterom, Chiel"]
[Black "Kolodkin, Daniil"]
[Result "1-0"]
[WhiteElo "2369"]
[BlackElo "2003"]
[PlyCount "91"]
[EventDate "2014.04.18"]
[EventType "swiss"]
[EventRounds "6"]
[EventCountry "NED"]
[Source "DSC"]
[SourceDate "2014.04.23"]

1. e4 c5 2. Nf3 d6 3. d4 cxd4 4. Nxd4 Nf6 5. Nc3 a6 6. g3 g6 7. Bg2 Bg7 8. O-O
O-O 9. h3 Bd7 10. Be3 Nc6 11. Nde2 Ne5 12. b3 Bc6 13. Qd2 Ned7 14. Rad1 Rc8 15.
Nd4 Qc7 16. Rfe1 e5 17. Nde2 Nc5 18. f3 Rfd8 19. Nc1 Ne6 20. Qf2 Nd7 21. a4 f5
22. N1a2 f4 23. Bc1 fxg3 24. Qxg3 Nd4 25. Bg5 Nf6 26. Rd2 Rf8 27. Qf2 Nh5 28.
Nb4 Nf4 29. Bxf4 Rxf4 30. Ncd5 Bxd5 31. Nxd5 Qf7 32. Rf1 Bh6 33. c3 Nxb3 34.
Rb2 Nc5 35. Rb6 Nxe4 36. Qa2 Ng3 37. Rfb1 Rfc4 38. Rxd6 Qf8 39. Rd7 Qc5+ 40.
Qf2 Ne2+ 41. Kf1 Qxf2+ 42. Kxf2 Nxc3 43. Nf6+ Kf8 44. Rbxb7 Nd1+ 45. Ke1 Bd2+
46. Kxd2 1-0

[Event "OGD Prinsenstad-toernooi - A groep"]
[Site "Delft"]
[Date "2014.04.18"]
[Round "2.12"]
[White "Oudewaal, Vincent"]
[Black "Van der Zon, Stef"]
[Result "0-1"]
[WhiteElo "2086"]
[BlackElo "2167"]
[PlyCount "76"]
[EventDate "2014.04.18"]
[EventType "swiss"]
[EventRounds "6"]
[EventCountry "NED"]
[Source "DSC"]
[SourceDate "2014.04.23"]

1. e4 c5 2. Nf3 Nc6 3. d4 cxd4 4. Nxd4 Nf6 5. Nc3 e5 6. Ndb5 d6 7. Bg5 a6 8.
Na3 b5 9. Nd5 Be7 10. Bxf6 Bxf6 11. c3 O-O 12. Nc2 Bg5 13. h4 Bh6 14. g4 Bf4
15. Qf3 Be6 16. Nxf4 Qf6 17. O-O-O exf4 18. g5 Qe5 19. Kb1 Rab8 20. Nd4 Rfc8
21. a3 a5 22. Qd3 b4 23. cxb4 axb4 24. Nxe6 fxe6 25. a4 b3 26. Bh3 Kh8 27. f3
Rd8 28. Qc4 Na5 29. Qxe6 Qc5 30. Rc1 Qb4 31. Rc7 Qxa4 32. Bf5 Qa2+ 33. Kc1 Qa1+
34. Kd2 Qxh1 35. Rxg7 Qg2+ 36. Ke1 Qg1+ 37. Ke2 Qe3+ 38. Kf1 Qc1+ 0-1

[Event "OGD Prinsenstad-toernooi - A groep"]
[Site "Delft"]
[Date "2014.04.19"]
[Round "3.1"]
[White "Danin, Alexandre"]
[Black "Ikonnikov, Vyacheslav"]
[Result "1/2-1/2"]
[WhiteElo "2595"]
[BlackElo "2570"]
[PlyCount "95"]
[EventDate "2014.04.18"]
[EventType "swiss"]
[EventRounds "6"]
[EventCountry "NED"]
[Source "DSC"]
[SourceDate "2014.04.23"]

1. e4 c5 2. Nf3 Nc6 3. d4 cxd4 4. Nxd4 e5 5. Nb5 d6 6. N1c3 a6 7. Na3 Be7 8.
Nc4 b5 9. Ne3 Nf6 10. g3 O-O 11. Bg2 b4 12. Ncd5 Nxd5 13. Nxd5 Bg5 14. Bxg5
Qxg5 15. a3 Rb8 16. axb4 Nxb4 17. Ne3 Qd8 18. Qd2 Nc6 19. c3 a5 20. O-O Be6 21.
Rfd1 Bb3 22. Rdb1 Ne7 23. Bf3 Qc7 24. Bd1 Be6 25. Ra3 Rfd8 26. Bg4 Bxg4 27.
Nxg4 d5 28. exd5 Rxd5 29. Qe2 h6 30. Ne3 Rc5 31. Rd1 f5 32. b4 axb4 33. Qa2+
Kh7 34. Ra7 Rb7 35. Rxb7 Qxb7 36. cxb4 Rb5 37. Qf7 Rxb4 38. Nxf5 Ng6 39. Qxb7
Rxb7 40. Rd6 Ne7 41. Ne3 Ng8 42. Rd5 e4 43. Rd4 Nf6 44. Nd5 Nxd5 45. Rxd5 Rb1+
46. Kg2 Kg6 47. h4 Re1 48. Re5 1/2-1/2

[Event "OGD Prinsenstad-toernooi - A groep"]
[Site "Delft"]
[Date "2014.04.19"]
[Round "3.2"]
[White "Van den Doel, Erik"]
[Black "Reinderman, Dimitri"]
[Result "1-0"]
[WhiteElo "2560"]
[BlackElo "2590"]
[PlyCount "79"]
[EventDate "2014.04.18"]
[EventType "swiss"]
[EventRounds "6"]
[EventCountry "NED"]
[Source "DSC"]
[SourceDate "2014.04.23"]

1. e4 d6 2. d4 Nf6 3. Nc3 e5 4. Nf3 Nbd7 5. Bc4 Be7 6. O-O O-O 7. a4 c6 8. Ba2
b6 9. Qe2 a6 10. Bg5 h6 11. Bh4 Nh5 12. Bg3 Bf6 13. d5 c5 14. Nb1 Nf4 15. Qd2
b5 16. Na3 bxa4 17. Nc4 Nb6 18. Bxf4 exf4 19. Qxf4 a3 20. Nxd6 axb2 21. Rae1
Bc3 22. Re3 g5 23. Qg3 Bg7 24. h4 g4 25. Nd2 h5 26. e5 c4 27. Bxc4 Qc7 28. Bb3
a5 29. e6 fxe6 30. dxe6 Qe7 31. Re5 Ba6 32. Rfe1 a4 33. Ba2 Rad8 34. N2e4 Bc8
35. Nf5 Qb4 36. e7+ Kh7 37. Ng5+ Kg6 38. exf8=N+ Rxf8 39. Ne7+ Kh6 40. Qd3 1-0

[Event "OGD Prinsenstad-toernooi - A groep"]
[Site "Delft"]
[Date "2014.04.19"]
[Round "3.3"]
[White "Khenkin, Igor"]
[Black "Haslinger, Stewart"]
[Result "1/2-1/2"]
[WhiteElo "2574"]
[BlackElo "2544"]
[PlyCount "35"]
[EventDate "2014.04.18"]
[EventType "swiss"]
[EventRounds "6"]
[EventCountry "NED"]
[Source "DSC"]
[SourceDate "2014.04.23"]

1. d4 d5 2. c4 e6 3. Nf3 Nf6 4. e3 a6 5. b3 c5 6. Bb2 Nc6 7. Bd3 cxd4 8. exd4
g6 9. O-O Bg7 10. Nbd2 O-O 11. Rc1 dxc4 12. bxc4 b6 13. Ba3 Re8 14. Ne4 Nxe4
15. Bxe4 Bb7 16. Ne5 Nxe5 17. Bxb7 Ra7 18. dxe5 1/2-1/2

[Event "OGD Prinsenstad-toernooi - A groep"]
[Site "Delft"]
[Date "2014.04.19"]
[Round "3.4"]
[White "Sergeev, Vladimir"]
[Black "Groffen, Hans"]
[Result "1-0"]
[WhiteElo "2457"]
[BlackElo "2165"]
[PlyCount "69"]
[EventDate "2014.04.18"]
[EventType "swiss"]
[EventRounds "6"]
[EventCountry "NED"]
[Source "DSC"]
[SourceDate "2014.04.23"]

1. Nf3 Nf6 2. d4 e6 3. c4 Bb4+ 4. Nbd2 b6 5. e3 Bb7 6. Bd3 Ne4 7. O-O f5 8. Qc2
Bxd2 9. Nxd2 Qh4 10. f3 Nf6 11. b4 d6 12. Nb3 O-O 13. Bd2 Nfd7 14. d5 exd5 15.
cxd5 c5 16. dxc6 Nxc6 17. Bxf5 Nde5 18. Be6+ Kh8 19. e4 Rf6 20. Bd5 Nxb4 21.
Bxb4 Bxd5 22. Nd4 Bc4 23. Rfd1 Rh6 24. h3 Rg6 25. Kh1 Qh5 26. f4 Ng4 27. Re1
Qh4 28. Kg1 Rc8 29. Rac1 Nh6 30. f5 Rf6 31. Nf3 Qg3 32. Qd2 Nf7 33. a4 Rh6 34.
Qe2 d5 35. exd5 1-0

[Event "OGD Prinsenstad-toernooi - A groep"]
[Site "Delft"]
[Date "2014.04.19"]
[Round "3.5"]
[White "Admiraal, Miguoel"]
[Black "Slingerland, Fred"]
[Result "1/2-1/2"]
[WhiteElo "2309"]
[BlackElo "2331"]
[PlyCount "135"]
[EventDate "2014.04.18"]
[EventType "swiss"]
[EventRounds "6"]
[EventCountry "NED"]
[Source "DSC"]
[SourceDate "2014.04.23"]

1. d4 d5 2. Nf3 Nf6 3. e3 Bg4 4. c4 e6 5. Qb3 Qc8 6. Ne5 Bf5 7. cxd5 exd5 8.
Nc3 c6 9. f3 Nbd7 10. g4 Be6 11. Nxd7 Qxd7 12. Bd2 Be7 13. O-O-O g5 14. Bd3 h5
15. gxh5 Rxh5 16. Ne2 O-O-O 17. Ng3 Rh3 18. Bf1 Rh4 19. Qa4 Kb8 20. Qc2 Bd6 21.
Bd3 Rdh8 22. Nf5 Bxf5 23. Bxf5 Qe7 24. h3 Nh5 25. Kb1 Ng3 26. Rhg1 Nxf5 27.
Qxf5 Rxh3 28. Rxg5 Rxf3 29. Qxf3 Qxg5 30. Qxf7 Qg4 31. Rc1 Qe4+ 32. Ka1 Rf8 33.
Qd7 Bc7 34. Ba5 Rc8 35. Bxc7+ Rxc7 36. Qd8+ Rc8 37. Qd6+ Ka8 38. Qh6 a6 39. a3
Ka7 40. Ka2 Rg8 41. Qd6 Rc8 42. Rc3 Qe8 43. Rb3 Qd8 44. Qh6 Qd7 45. Qf6 Re8 46.
Qg6 Re6 47. Qf5 Qe7 48. Qf4 Re4 49. Qh6 Rh4 50. Qg6 Rh1 51. Qg2 Qh7 52. Rc3
Qb1+ 53. Kb3 Rc1 54. Rxc1 Qxc1 55. Qe2 b5 56. Qd3 Kb6 57. Qc3 Qxc3+ 58. Kxc3 a5
59. b3 Kc7 60. Kd3 Kd6 61. e4 dxe4+ 62. Kxe4 Ke6 63. a4 Kd6 64. Ke3 Kd5 65. Kd3
bxa4 66. bxa4 c5 67. dxc5 Kxc5 68. Ke4 1/2-1/2

[Event "OGD Prinsenstad-toernooi - A groep"]
[Site "Delft"]
[Date "2014.04.19"]
[Round "3.6"]
[White "Gerlagh, Joris"]
[Black "Van Oosterom, Chiel"]
[Result "1-0"]
[WhiteElo "2145"]
[BlackElo "2369"]
[PlyCount "83"]
[EventDate "2014.04.18"]
[EventType "swiss"]
[EventRounds "6"]
[EventCountry "NED"]
[Source "DSC"]
[SourceDate "2014.04.23"]

1. d4 f5 2. Nf3 Nf6 3. g3 g6 4. Bg2 Bg7 5. c4 O-O 6. Nc3 d6 7. O-O Qe8 8. Bf4
h6 9. d5 Na6 10. Nd4 Bd7 11. e4 g5 12. Be3 fxe4 13. Nxe4 Ng4 14. Bxg5 hxg5 15.
Nxg5 Qg6 16. Nde6 Bxe6 17. Nxe6 Rf6 18. Nf4 Rxf4 19. gxf4 Rf8 20. h3 Nh6 21.
Qf3 Nc5 22. Rae1 Nf5 23. b4 Na6 24. a3 Nh4 25. Qg3 Rxf4 26. Rxe7 Qxg3 27. fxg3
Rxf1+ 28. Bxf1 Nf5 29. Re8+ Kf7 30. Rc8 Bd4+ 31. Kh2 Be5 32. c5 Bxg3+ 33. Kg1
Be5 34. Bxa6 bxa6 35. Rxc7+ Kf6 36. c6 Bd4+ 37. Kh1 Bb6 38. Rd7 Ne7 39. Rxd6+
Kg5 40. Re6 Nf5 41. d6 Kf4 42. Rf6 1-0

[Event "OGD Prinsenstad-toernooi - A groep"]
[Site "Delft"]
[Date "2014.04.19"]
[Round "3.7"]
[White "Haver, Daan"]
[Black "Kerigan, Demre"]
[Result "1-0"]
[WhiteElo "2125"]
[BlackElo "2327"]
[PlyCount "47"]
[EventDate "2014.04.18"]
[EventType "swiss"]
[EventRounds "6"]
[EventCountry "NED"]
[Source "DSC"]
[SourceDate "2014.04.23"]

1. e4 d6 2. d4 g6 3. Nc3 Bg7 4. f4 Nf6 5. Nf3 O-O 6. e5 Nfd7 7. h4 c5 8. h5
cxd4 9. hxg6 dxc3 10. gxf7+ Rxf7 11. Bc4 e6 12. Ng5 Nxe5 13. fxe5 cxb2 14. Qh5
Rf5 15. Bxe6+ Bxe6 16. Qxh7+ Kf8 17. Nxe6+ Ke7 18. Qxg7+ Kxe6 19. Rh6+ Kd5 20.
Qxb7+ Kc4 21. Qe4+ Kb5 22. Qd5+ Ka4 23. Qd4+ Ka5 24. Bd2+ 1-0

[Event "OGD Prinsenstad-toernooi - A groep"]
[Site "Delft"]
[Date "2014.04.19"]
[Round "3.8"]
[White "Van der Auweraert, Elwin"]
[Black "Warmerdam, Max"]
[Result "1/2-1/2"]
[WhiteElo "2281"]
[BlackElo "2110"]
[PlyCount "155"]
[EventDate "2014.04.18"]
[EventType "swiss"]
[EventRounds "6"]
[EventCountry "NED"]
[Source "DSC"]
[SourceDate "2014.04.23"]

1. Nf3 Nf6 2. c4 g6 3. g3 Bg7 4. Bg2 O-O 5. O-O d6 6. Nc3 Nbd7 7. d3 e5 8. Rb1
Nh5 9. b4 h6 10. e4 a5 11. b5 Nc5 12. d4 exd4 13. Nxd4 Nf6 14. f3 Nfd7 15. Nce2
Nb6 16. Qc2 a4 17. Ba3 Qe7 18. Rbd1 Bd7 19. Rfe1 Rae8 20. Nf4 h5 21. Nde2 h4
22. Kf2 Be6 23. Nxe6 Qxe6 24. Rc1 Bh6 25. Nf4 Bxf4 26. gxf4 h3 27. Bf1 Qf6 28.
Kg3 g5 29. f5 Qe5+ 30. Kxh3 Qf4 31. Kg2 g4 32. Qf2 gxf3+ 33. Qxf3 Rxe4 34. Rxe4
Qxe4 35. Qxe4 Nxe4 36. c5 dxc5 37. Bd3 Nf6 38. Bxc5 Rd8 39. Be7 Rxd3 40. Bxf6
Nd5 41. Bg5 f6 42. Bh6 Kh7 43. Bf8 Rd2+ 44. Kg3 Rxa2 45. Rd1 Nb6 46. Bc5 Rb2
47. Bxb6 cxb6 48. Rd4 a3 49. Ra4 a2 50. h4 Rb3+ 51. Kf2 Rxb5 52. Rxa2 Rxf5+ 53.
Kg3 Rc5 54. Rd2 Kg6 55. Rd7 Rc3+ 56. Kf4 Rc4+ 57. Kg3 Rb4 58. Rxb7 b5 59. Rb8
Rb1 60. Kg4 b4 61. h5+ Kh7 62. Rb7+ Kh6 63. Rb6 b3 64. Rxf6+ Kh7 65. Rf2 b2 66.
Kf5 Kh6 67. Kf6 Kh7 68. h6 Kh8 69. Kf7 Kh7 70. Kf6 Kg8 71. h7+ Kxh7 72. Kf7 Kh6
73. Kf6 Kh5 74. Kf5 Kh4 75. Kf4 Kh3 76. Kf3 Kh4 77. Kf4 Kh3 78. Kf3 1/2-1/2

[Event "OGD Prinsenstad-toernooi - A groep"]
[Site "Delft"]
[Date "2014.04.19"]
[Round "3.9"]
[White "Roorda, Thijs"]
[Black "Legemaat, Gert"]
[Result "0-1"]
[WhiteElo "2067"]
[BlackElo "2173"]
[PlyCount "66"]
[EventDate "2014.04.18"]
[EventType "swiss"]
[EventRounds "6"]
[EventCountry "NED"]
[Source "DSC"]
[SourceDate "2014.04.23"]

1. e4 e6 2. d4 d5 3. Nc3 Bb4 4. e5 c5 5. a3 Bxc3+ 6. bxc3 Qa5 7. Bd2 Qa4 8. Qb1
c4 9. Nh3 Ne7 10. Be2 Nbc6 11. O-O b6 12. Nf4 Bd7 13. Nh5 Rg8 14. f4 O-O-O 15.
Kh1 Rdf8 16. Rf3 f6 17. Ra2 Be8 18. Ng3 Bg6 19. exf6 Rxf6 20. Re3 Kd7 21. Bg4
Bf5 22. Qd1 g6 23. Nxf5 Nxf5 24. Rh3 Rf7 25. Qe2 Re8 26. Bf3 Qb5 27. Ra1 Qb2
28. Re1 Rfe7 29. Bc1 Qxc3 30. Bxd5 Qxe1+ 31. Qxe1 exd5 32. Rxh7 Rxh7 33. Qg1
Ng3# 0-1

[Event "OGD Prinsenstad-toernooi - A groep"]
[Site "Delft"]
[Date "2014.04.19"]
[Round "3.10"]
[White "Oosterom, Erik"]
[Black "Schroer, Marcel"]
[Result "1/2-1/2"]
[WhiteElo "2061"]
[BlackElo "2170"]
[PlyCount "69"]
[EventDate "2014.04.18"]
[EventType "swiss"]
[EventRounds "6"]
[EventCountry "NED"]
[Source "DSC"]
[SourceDate "2014.04.23"]

1. Nf3 Nf6 2. c4 g6 3. Nc3 Bg7 4. e4 d6 5. d4 O-O 6. Be2 Na6 7. Be3 c6 8. O-O
e5 9. d5 c5 10. Ne1 Nd7 11. a3 f5 12. Nd3 Nf6 13. f3 f4 14. Bf2 g5 15. b4 b6
16. g4 fxg3 17. hxg3 Nh5 18. Kg2 Rf6 19. f4 Nxg3 20. fxg5 Rxf2+ 21. Kxf2 Nxf1
22. Qxf1 Qxg5 23. Qg2 Qxg2+ 24. Kxg2 Bd7 25. bxc5 Nxc5 26. Nxc5 dxc5 27. a4 a5
28. Rb1 Rb8 29. Kg3 Bh6 30. Bg4 Bf4+ 31. Kh3 Bxg4+ 32. Kxg4 Kf7 33. Kh5 Ke7 34.
Rg1 Rf8 35. Rg7+ 1/2-1/2

[Event "OGD Prinsenstad-toernooi - A groep"]
[Site "Delft"]
[Date "2014.04.19"]
[Round "3.11"]
[White "Van der Zon, Stef"]
[Black "Glissenaar, Marcel"]
[Result "1-0"]
[WhiteElo "2167"]
[BlackElo "2001"]
[PlyCount "97"]
[EventDate "2014.04.18"]
[EventType "swiss"]
[EventRounds "6"]
[EventCountry "NED"]
[Source "DSC"]
[SourceDate "2014.04.23"]

1. e4 c6 2. d4 d5 3. Nc3 dxe4 4. Nxe4 Nf6 5. Nxf6+ gxf6 6. c3 Bf5 7. Bd3 Bg6 8.
Nf3 e6 9. Bf4 Bd6 10. Bg3 Qc7 11. Qe2 Nd7 12. O-O-O O-O-O 13. Nd2 Bxd3 14. Qxd3
f5 15. Bxd6 Qxd6 16. Qg3 Qd5 17. f3 Rhg8 18. Qf2 Qxa2 19. Kc2 Qa4+ 20. Nb3 a6
21. Ra1 Qc4 22. Ra5 e5 23. dxe5 Nf8 24. Re1 Ne6 25. g3 f4 26. g4 Rd7 27. Qe2
Qxe2+ 28. Rxe2 Rgd8 29. Rd2 Kc7 30. Rxd7+ Rxd7 31. h4 Kb6 32. Ra4 c5 33. Nd2
Kc6 34. Re4 b5 35. Nb3 h6 36. Nc1 c4 37. Ne2 Rd3 38. Nxf4 Rxf3 39. Nxe6 fxe6
40. Rd4 Rd3 41. Rxd3 cxd3+ 42. Kxd3 Kd5 43. b4 Kxe5 44. Ke3 Kd5 45. Kf4 Kc4 46.
g5 hxg5+ 47. hxg5 Kxc3 48. g6 Kxb4 49. g7 1-0